| 000 | 01803cam a2200397 i 4500 | ||
|---|---|---|---|
| 999 |
_c6915 _d6915 |
||
| 003 | OSt | ||
| 005 | 20200310130727.0 | ||
| 008 | 170829s2016 ii ab b 000 0 eng d | ||
| 020 |
_a9788173055652 _q(hardbound) |
||
| 020 | _a8173055653 | ||
| 040 |
_aJPG _beng _erda _cJPG _dJPG _dDKAGE _dLOA _dOCLCF _dDLC |
||
| 043 | _aa------ | ||
| 082 | 0 | 4 |
_a720.95 _223 _bJAI |
| 245 | 0 | 4 |
_aThe future of historic cities : _burban heritage in Asia : documentation, protection and conservation / _cedited by Shikha Jain, Parul G. Munjal, Vanicka Arora. |
| 246 | 3 | 0 | _aUrban heritage in Asia |
| 300 |
_a178 pages : _billustrations (some color), maps (black and white, and color) ; _c29 cm |
||
| 504 | _aIncludes bibliographical references. | ||
| 650 | 0 |
_aHistoric districts _xConservation and restoration _zAsia. |
|
| 650 | 0 |
_aHistoric buildings _xConservation and restoration _zAsia. |
|
| 650 | 0 |
_aCities and towns _xConservation and restoration _zAsia. |
|
| 650 | 0 |
_aHistoric preservation _zAsia. |
|
| 650 | 0 |
_aUrban renewal _zAsia. |
|
| 650 | 4 |
_aHistoric sites _xConservation and restoration _zSouth Asia _vCase studies. |
|
| 650 | 4 |
_aCultural property _xProtection _zSouth Asia _vCase studies. |
|
| 650 | 4 |
_aHistoric sites _xConservation and restoration _zIndia _vCase studies. |
|
| 650 | 4 |
_aCultural landscapes _zSouth Asia _vCase studies. |
|
| 650 | 4 |
_aHistoric sites _xConservation and restoration _zIndia. |
|
| 650 | 4 |
_aHistoric buildings _xConservation and restoration _zIndia. |
|
| 700 | 1 |
_aJain, Shikha, _eeditor. |
|
| 700 | 1 |
_aMunjal, Parul G., _eeditor. |
|
| 700 | 1 |
_aArora, Vanicka, _eeditor. |
|
| 710 | 2 |
_aDevelopment and Research Organisation for Nature, Arts, and Heritage, _eissuing body. |
|
| 906 |
_a7 _bcbc _ccopycat _d3 _encip _f20 _gy-gencatlg |
||
| 942 | _2ddc | ||